La ética de la libertad
שמור ב:
| מחבר ראשי: | |
|---|---|
| פורמט: | ספר |
| שפה: | ספרדית |
| יצא לאור: |
Madrid
Unión Editorial
1995
|
| סדרה: | Colección Nueva Biblioteca de la Libertad, 13
|
| נושאים: | |
| תגים: |
הוספת תג
אין תגיות, היה/י הראשונ/ה לתייג את הרשומה!
|
MARC
| LEADER | 00000nam a2200000 a 4500 | ||
|---|---|---|---|
| 001 | UCP5375 | ||
| 003 | CL-VaPUC | ||
| 008 | 990910e19950000SP |||||||||||||||||spa|d | ||
| 082 | 0 | 4 | |a 323.44 |b ROT |2 21 |
| 100 | 0 | |a Rothbard, Murray N |e author |9 433734 | |
| 245 | 1 | 3 | |a La ética de la libertad |
| 300 | |a 384 p | ||
| 942 | |c BK | ||
| 945 | |d 19990910 00:00:00 |a vberengu | ||
| 260 | |a Madrid |b Unión Editorial |c 1995 | ||
| 650 | 0 | |a Contratos |9 255153 | |
| 650 | 0 | |a Derecho natural |9 255041 | |
| 650 | 0 | |a Derecho y libertad |9 384500 | |
| 650 | 0 | |a Etica y derecho |9 341370 | |
| 650 | 0 | |a Estado |9 255503 | |
| 650 | 0 | |a Libertad |9 255686 | |
| 650 | 0 | |a Propiedad |9 255268 | |
| 650 | 0 | |a Violencia |9 255411 | |
| 583 | |a last modification |c 19990910 00:00:00 |k Rodrigo Vera | ||
| 490 | 0 | |a Colección Nueva Biblioteca de la Libertad, 13 | |
| 999 | |c 283138 |d 283136 | ||
| 952 | |0 0 |1 0 |4 0 |6 323_440000000000000_ROT_1995 |7 0 |8 DER_TF |9 325956 |a BIBDER |b BIBDER |d 2019-11-20 |i 3539245 |o 323.44 ROT 1995 |p 3539245 |r 2024-08-26 |w 2019-11-20 |x Ubicación 4to Piso |y BK |z Estos recursos deben solicitarse con anticipación |k DER | ||